000 00525pab a2200169 454500
008 180718b2001 xxu||||| |||| 00| 0 eng d
100 _aPattie, Charles
245 _aLosing the voter's trust: evaluations of the political system and voting at the 1997 British general election
260 _c2001
300 _ap.191-222
362 _aJun
650 _aElections - Great Britain
650 _aElections
700 _aJohnston, Ron
773 _aBritish Journal of Political and International Relations
909 _a48910
999 _c48910
_d48910